| 000 | 00629nam a2200193 i 4500 | ||
|---|---|---|---|
| 001 | 121661 | ||
| 003 | ES-MaACL | ||
| 005 | 20251003151508.0 | ||
| 007 | t| | ||
| 008 | 070214s1942 sp a |||| | spa d | ||
| 100 | 1 |
_aPortela, Juan _c(médico) _9149114 |
|
| 245 | 1 | 3 |
_aEl cáncer de la laringe / _cpor Juan Portela ; prólogo de Antonio G. Tapia. |
| 260 |
_aCádiz : _b[Escelicer], _c1942 ( _fEstablecimiento Cerón) |
||
| 300 |
_a138 p. : _bil. col. y n. ; _c26 cm. |
||
| 650 | 4 |
_aLaringe- _xCáncer. _9147258 |
|
| 700 | 1 |
_aGarcía Tapia, Antonio, _d1875-1950 _955318 |
|
| 852 |
_aES-MaACL _jE-782 |
||
| 999 |
_c121661 _d121661 |
||